Manual para el uso de la regla Melón en el cálculo de dosificaciones de concretos y morteros
Kaydedildi:
| Yazar: | |
|---|---|
| Materyal Türü: | Kitap |
| Dil: | İspanyolca |
| Baskı/Yayın Bilgisi: |
Santiago
Nascimento
1970
|
| Konular: | |
| Etiketler: |
Etiketle
Etiket eklenmemiş, İlk siz ekleyin!
|
MARC
| LEADER | 00000nam a2200000 a 4500 | ||
|---|---|---|---|
| 001 | UCU7551 | ||
| 003 | CL-VaPUC | ||
| 008 | 960705e19700000cl |||||||||||||||||spa|d | ||
| 082 | 0 | 4 | |a 666.893 |b MAL |2 21 |
| 100 | |a Maldonado Pérez, Belisario |e autor |9 366446 | ||
| 245 | 1 | 0 | |a Manual para el uso de la regla Melón en el cálculo de dosificaciones de concretos y morteros |
| 300 | |a 33 p | ||
| 942 | |c BK | ||
| 945 | |d 19960705 00:00:00 |a cmena | ||
| 260 | |a Santiago |b Nascimento |c 1970 | ||
| 650 | 0 | |a Hormigones |9 262546 | |
| 650 | 7 | |a CEMENTOS |2 CL-VaPUC |9 262741 | |
| 650 | 0 | |a Materiales de construcción |9 260197 | |
| 650 | 0 | |a Control de calidad |9 259714 | |
| 583 | |a last modification |c 20130822 02:13:50 |k Rodrigo Vera | ||
| 999 | |c 250159 |d 250157 | ||
| 952 | |0 0 |1 0 |4 0 |6 666_893000000000000_MAL_1970 |7 0 |8 F |9 268008 |a BIBING |b BIBING |d 2019-11-19 |i 1704664 |o 666.893 MAL 1970 |p 1704664 |r 2024-01-25 |w 2019-11-19 |y BK_F |k CCL | ||